Statystyki dla Wszyscy chińscy skoczkowie narciarscy w historii

Kliknij tutaj aby rozwiązać quiz!

Ogólne statystyki

  • Ten quiz został rozwiązany 7 razy
  • Średni wynik to 9 z 17

Statystyki odpowiedzi

Odpowiedź% Poprawnych
Chao Li
75%
Chengbo Li
75%
Honglin Zhu
75%
Qiwu Song
75%
Weijie Zhen
75%
Yang Li
75%
Zhe Chen
75%
Chuan Zhao
50%
Guang Yang
50%
Xiaoyang Zhou
50%
Zhandong Tian
50%
Jianxun Wang
25%
Jingtao Hu
25%
Qihang Cui
25%
Rui Wang
25%
Xuefeng Piao
25%
Yixin Lu
25%

Rozkład punktacji

Percentyl według liczby udzielonych odpowiedzi

Procent ludzi z każdym wynikiem

Twoja historia wyników

Nie rozwiązałeś tego quizu